Districts of Hereford and Worcester - Statistics

General Stats
  • This quiz has been taken 18 times
  • The average score is 5 of 9
Answer Stats
Type Name Today Part of % Correct
City City of Hereford heres
100%
City City of Worcester Worcs
100%
District Malvern HIlls wors/heres
53%
Borough Redditch wors
53%
District Bromsgrove wors
33%
District Wychavon wors
33%
District Wyre forest wors
33%
District Leominster heres
27%
District South Herefordshire heres
20%
No matching quizzes found
Score Distribution
Percent of People with Each Score
Percentile by Number Answered
Your Score History
You have not taken this quiz